[Event "Landesklasse Ost 2011/2012"]
[Site "?"]
[Date "2011.10.09"]
[Round "2"]
[White "Kühn, Karsten"]
[Black "Köhler, Daniel"]
[Result "1-0"]
[WhiteElo "1938"]
[BlackElo "1354"]
[PlyCount "55"]
[EventDate "2011.??.??"]
[WhiteTeam "ESV Lok Sömmerda"]
[BlackTeam "SV Schott Jena"]

1. e4 e5 2. Nf3 Nc6 3. Bc4 Be7 4. c3 d6 5. d4 Bg4 6. Qb3 Na5 7. Bxf7+ Kf8 8.
Qa4 c6 9. Bxg8 Rxg8 10. Nbd2 b5 11. Qc2 exd4 12. Nxd4 Qb6 13. h3 Bd7 14. N2f3
c5 15. Nf5 Bxf5 16. exf5 Re8 17. O-O h6 18. Bf4 Kf7 19. Qd3 Qc6 20. Rad1 Rd8
21. Rfe1 Rge8 22. Re6 Nb7 23. Qe2 Bf6 24. Re1 a5 25. g4 Kf8 26. Bxh6 Rxe6 27.
Qxe6 Qxf3 28. Qxf6+ 1-0

[Event "Landesklasse Ost 2011/2012"]
[Site "?"]
[Date "2011.10.09"]
[Round "2"]
[White "Monossova, Maria"]
[Black "Kirste, Olaf"]
[Result "0-1"]
[WhiteElo "1381"]
[BlackElo "1866"]
[PlyCount "40"]
[EventDate "2011.??.??"]
[WhiteTeam "SV Schott Jena"]
[BlackTeam "ESV Lok Sömmerda"]

1. d4 g6 2. Nf3 Bg7 3. c4 d6 4. Nc3 Nf6 5. Bg5 c6 6. e3 O-O 7. Bd3 Nbd7 8. Qc2
Qa5 9. O-O e5 10. dxe5 dxe5 11. Ne4 Nxe4 12. Bxe4 f5 13. Bxf5 gxf5 14. Rad1 Nf6
15. Qb3 Kh8 16. Bxf6 Bxf6 17. Rd6 Be7 18. Rh6 Kg7 19. Rh3 Bf6 20. Qc2 e4 0-1

[Event "Landesklasse Ost 2011/2012"]
[Site "?"]
[Date "2011.10.09"]
[Round "2"]
[White "Böhnke, Hartmut"]
[Black "Bekele, Daniel"]
[Result "1-0"]
[WhiteElo "1723"]
[BlackElo "1184"]
[PlyCount "67"]
[EventDate "2011.??.??"]
[WhiteTeam "ESV Lok Sömmerda"]
[BlackTeam "SV Schott Jena"]

1. b4 e5 2. Bb2 Nf6 3. c4 Bxb4 4. Bxe5 d6 5. Bb2 O-O 6. a3 Ba5 7. e3 Bf5 8. Nf3
Nbd7 9. Qa4 c5 10. Nc3 a6 11. Be2 Qb6 12. Nd1 Rfe8 13. O-O Ne5 14. Nh4 Be4 15.
f4 Nd3 16. Bc3 Bxc3 17. Rb1 Qxb1 18. Nxc3 Nb2 19. Qxe8+ Rxe8 20. Nxb1 Nd7 21.
Nc3 Bc6 22. Rb1 Na4 23. Nxa4 Bxa4 24. Rxb7 Ra8 25. Nf5 g6 26. Ng3 Nf6 27. Rb6
Ne8 28. Bf3 Ra7 29. Ne2 a5 30. Nc3 Bb3 31. Rxb3 Ra6 32. Rb8 Kf8 33. Nd5 Rc6 34.
Nf6 1-0

[Event "Landesklasse Ost 2011/2012"]
[Site "?"]
[Date "2011.10.09"]
[Round "2"]
[White "Sack, Matthias"]
[Black "Brüggemann, Joachim"]
[Result "0-1"]
[WhiteElo "1972"]
[BlackElo "2276"]
[PlyCount "98"]
[EventDate "2011.??.??"]
[WhiteTeam "SV Hermsdorf"]
[BlackTeam "Erfurter Schachklub"]

1. e4 c5 2. c3 d6 3. d4 Nf6 4. Bd3 Nc6 5. Nf3 e5 6. O-O Be7 7. d5 Nb8 8. h3 O-O
9. Be3 Nbd7 10. b4 Qc7 11. Na3 a6 12. Nc4 b5 13. Nb2 Rb8 14. Qd2 Re8 15. a4 Bd8
16. axb5 axb5 17. Ra3 Rb7 18. Rfa1 c4 19. Bc2 Nb6 20. Nh2 Qe7 21. f3 g6 22. Qf2
Nh5 23. Ra6 Qc7 24. Qd2 Rf8 25. g4 Ng7 26. f4 f5 27. fxe5 dxe5 28. Bc5 Re8 29.
Rd1 Qf7 30. gxf5 gxf5 31. Qh6 Qg6+ 32. Qxg6 hxg6 33. exf5 gxf5 34. Nf3 e4 35.
Nd4 Nxd5 36. Nc6 Nc7 37. Ra3 Bh4 38. Na5 Rb8 39. Kf1 f4 40. Kg2 Nf5 41. Bxe4
Rxe4 42. Kf3 Re8 43. Nc6 Ra8 44. Rxa8 Nxa8 45. Kxf4 Nc7 46. Bb6 Bg3+ 47. Kg5
Kf7 48. Rf1 Rg8+ 49. Kh5 Nd5 0-1

[Event "Landesklasse Ost 2011/2012"]
[Site "?"]
[Date "2011.10.09"]
[Round "2"]
[White "Krüger, Rainer"]
[Black "Moje, Hans-Jürgen"]
[Result "1-0"]
[WhiteElo "2122"]
[BlackElo "1833"]
[PlyCount "89"]
[EventDate "2011.??.??"]
[WhiteTeam "Erfurter Schachklub"]
[BlackTeam "SV Hermsdorf"]

1. d4 d5 2. c4 e6 3. Nf3 Nf6 4. Nc3 Be7 5. Bg5 Nc6 6. e3 Ne4 7. Bxe7 Qxe7 8.
cxd5 Nxc3 9. bxc3 exd5 10. Qb3 Qd6 11. Bd3 O-O 12. O-O h6 13. Rab1 b6 14. Rfc1
Bg4 15. Nd2 Na5 16. Qb4 Qd7 17. c4 dxc4 18. Nxc4 c5 19. dxc5 Qxd3 20. Nxa5 Be6
21. Nb3 Bxb3 22. Qxb3 Qxb3 23. Rxb3 bxc5 24. Rxc5 Rfd8 25. g4 Rd6 26. a4 Ra6
27. a5 Rd8 28. Rb7 Rd2 29. Rf5 Rg6 30. h3 Rf6 31. Rxf6 gxf6 32. Rxa7 Ra2 33.
Kg2 Kf8 34. Kg3 Ra3 35. Kf4 Ra4+ 36. Kf5 Kg7 37. h4 h5 38. g5 Rxh4 39. gxf6+
Kg8 40. Ra8+ Kh7 41. Rf8 Ra4 42. Rxf7+ Kg8 43. Ra7 h4 44. f4 h3 45. Kg6 1-0

[Event "Landesklasse Ost 2011/2012"]
[Site "?"]
[Date "2011.10.09"]
[Round "2"]
[White "Hadlich, Gerald"]
[Black "Streltsyn, Grygoriy"]
[Result "1/2-1/2"]
[WhiteElo "1839"]
[BlackElo "2125"]
[PlyCount "90"]
[EventDate "2011.??.??"]
[WhiteTeam "SV Hermsdorf"]
[BlackTeam "Erfurter Schachklub"]

1. e4 e6 2. d4 d5 3. Nd2 Nf6 4. e5 Nfd7 5. Bd3 c5 6. c3 Nc6 7. Ne2 b6 8. O-O
cxd4 9. cxd4 Nb4 10. Bb5 Ba6 11. Bxa6 Nxa6 12. Nf3 b5 13. Bg5 Qb6 14. a3 h6 15.
Be3 Be7 16. Qd3 O-O 17. Rfc1 Rfc8 18. b4 Nc7 19. Rc2 Qb7 20. Nd2 Nb6 21. Nb3
Nc4 22. Nc5 Qc6 23. Rca2 a5 24. Nc1 Na6 25. Bd2 axb4 26. axb4 Nc7 27. Bc3 Rxa2
28. Rxa2 Ra8 29. Qb1 Rxa2 30. Qxa2 Qa8 31. Qxa8+ Nxa8 32. Kf1 Nc7 33. Ke2 g5
34. g4 Kg7 35. N1d3 Kg6 36. h3 f6 37. f4 f5 38. Kf3 h5 39. gxf5+ Kxf5 40. fxg5
Bxg5 41. Be1 Be3 42. Bf2 Bd2 43. Nb7 Ne8 44. Nbc5 Nc7 45. Nb7 Ne8 1/2-1/2

[Event "Landesklasse Ost 2011/2012"]
[Site "?"]
[Date "2011.10.09"]
[Round "2"]
[White "Troyke, Doreen"]
[Black "Pietzsch, Gerhard"]
[Result "1/2-1/2"]
[WhiteElo "2053"]
[BlackElo "1787"]
[PlyCount "72"]
[EventDate "2011.??.??"]
[WhiteTeam "Erfurter Schachklub"]
[BlackTeam "SV Hermsdorf"]

1. g3 Nf6 2. Bg2 d5 3. c4 c6 4. Nf3 Nbd7 5. cxd5 cxd5 6. O-O g6 7. Nc3 Bg7 8.
d3 O-O 9. Bg5 h6 10. Bd2 Nb6 11. Rc1 Bd7 12. Ne5 Be6 13. Nb5 Nbd7 14. Bc3 Ne8
15. Nf3 Ndf6 16. Nbd4 Bc8 17. Qb3 Nd6 18. Rc2 a6 19. Rfc1 Re8 20. Ne5 e6 21.
Bd2 Nd7 22. Nxd7 Bxd7 23. Nf3 Bc6 24. Be3 e5 25. Bb6 Qd7 26. Qb4 Nc8 27. Bc5
Qe6 28. Qd2 Ne7 29. d4 f6 30. dxe5 fxe5 31. Qa5 Rad8 32. Nd2 Kh7 33. Nb3 Nc8
34. Qb4 Qd7 35. Na5 Bb5 36. Nb3 Bc6 1/2-1/2

[Event "Landesklasse Ost 2011/2012"]
[Site "?"]
[Date "2011.10.09"]
[Round "2"]
[White "Plötner, Jens"]
[Black "Schneider, Thomas"]
[Result "0-1"]
[WhiteElo "1769"]
[BlackElo "1837"]
[PlyCount "90"]
[EventDate "2011.??.??"]
[WhiteTeam "SV Hermsdorf"]
[BlackTeam "Erfurter Schachklub"]

1. d4 d5 2. Nf3 c6 3. g3 Nf6 4. Bg2 Bf5 5. O-O e6 6. c3 Be7 7. Nbd2 Ne4 8. Qb3
Qb6 9. Qxb6 axb6 10. Nxe4 Bxe4 11. Nd2 Bxg2 12. Kxg2 b5 13. e4 O-O 14. exd5
exd5 15. Nf3 b4 16. Re1 Bd6 17. Bd2 bxc3 18. Bxc3 Na6 19. a3 Rfe8 20. Nh4 g6
21. f4 Nc7 22. Nf3 Nb5 23. Rxe8+ Rxe8 24. Re1 Re4 25. Ba5 Bb8 26. Bb6 f6 27.
Kf2 Nd6 28. b3 Kf7 29. Nd2 Rxe1 30. Kxe1 Ne4 31. Nf3 Bd6 32. a4 Ke6 33. Ke2 Bb4
34. Ba7 Ba5 35. Ne1 Bxe1 36. Kxe1 Kf5 37. Kf1 Nd2+ 38. Kg2 Ke4 39. b4 Nb3 40.
Bc5 Nxd4 41. Kf2 f5 42. h3 Nb3 43. Bb6 Kd3 44. Ke1 Kc2 45. b5 cxb5 0-1

[Event "Landesklasse Ost 2011/2012"]
[Site "?"]
[Date "2011.10.09"]
[Round "2"]
[White "Friedt, Edmund"]
[Black "Hädrich, Dirk"]
[Result "1-0"]
[WhiteElo "1895"]
[BlackElo "1766"]
[PlyCount "67"]
[EventDate "2011.??.??"]
[WhiteTeam "Erfurter Schachklub"]
[BlackTeam "SV Hermsdorf"]

1. e4 e6 2. d4 d5 3. Nc3 Bb4 4. e5 c5 5. a3 Bxc3+ 6. bxc3 Qc7 7. Nf3 Nc6 8. a4
Bd7 9. Be2 b6 10. O-O Nge7 11. Ba3 Na5 12. Qd2 Bxa4 13. Bxc5 bxc5 14. Rxa4 c4
15. Qg5 Ng6 16. h4 h6 17. Qg4 O-O 18. h5 Ne7 19. Qh3 Nec6 20. g4 Qe7 21. Qg3 g5
22. hxg6 fxg6 23. Nh4 Kg7 24. f4 g5 25. Ng2 Qd7 26. Raa1 Rab8 27. f5 exf5 28.
gxf5 Rxf5 29. Bg4 Rxf1+ 30. Rxf1 Qe7 31. Ne3 Qd8 32. Nf5+ Kg6 33. Qh3 Qh8 34.
Qh5+ 1-0

[Event "Landesklasse Ost 2011/2012"]
[Site "?"]
[Date "2011.10.09"]
[Round "2"]
[White "Markowski, Erhard"]
[Black "Friedt, Marius"]
[Result "1-0"]
[WhiteElo "1704"]
[BlackElo "1766"]
[PlyCount "75"]
[EventDate "2011.??.??"]
[WhiteTeam "SV Hermsdorf"]
[BlackTeam "Erfurter Schachklub"]

1. c4 c5 2. Nc3 Nc6 3. g3 g6 4. Bg2 Bg7 5. Nf3 f5 6. O-O Nf6 7. d4 cxd4 8. Nxd4
O-O 9. e3 e5 10. Ndb5 e4 11. Nd6 Ne5 12. Qb3 Qe7 13. c5+ Qe6 14. Ncb5 a6 15.
Qa4 Nd5 16. Nd4 Nb6 17. Qb4 Qd5 18. Qxb6 Nd3 19. b4 a5 20. Bd2 axb4 21. Bxb4
Bxd4 22. exd4 Qxd4 23. a3 Ra6 24. Qb5 Rc6 25. Rad1 g5 26. Rxd3 exd3 27. Bxc6
dxc6 28. Qc4+ Qxc4 29. Nxc4 f4 30. Rd1 Bf5 31. Nd6 Bg6 32. Nxb7 Re8 33. Nd6 Re2
34. g4 f3 35. Nf5 Bf7 36. Rxd3 Bd5 37. Re3 Rc2 38. Ne7+ 1-0

[Event "Landesklasse Ost 2011/2012"]
[Site "?"]
[Date "2011.10.09"]
[Round "2"]
[White "Rosenhan, Jonas"]
[Black "Hirsch, Ronny"]
[Result "1/2-1/2"]
[WhiteElo "1630"]
[BlackElo "1578"]
[PlyCount "42"]
[EventDate "2011.??.??"]
[WhiteTeam "Erfurter Schachklub"]
[BlackTeam "SV Hermsdorf"]

1. Nc3 d5 2. e4 dxe4 3. Nxe4 e6 4. Nf3 Be7 5. Be2 Nf6 6. Ng3 O-O 7. O-O c5 8.
d4 Qc7 9. dxc5 Bxc5 10. c3 a5 11. Qc2 h6 12. Bd3 Nc6 13. Re1 Ng4 14. Be3 Nxe3
15. fxe3 e5 16. Kh1 Bg4 17. Ne4 Ba7 18. Nf2 Bh5 19. Nh4 Qe7 20. Nf5 Qc7 21. Nh4
Qe7 1/2-1/2

[Event "Landesklasse Ost 2011/2012"]
[Site "?"]
[Date "2011.10.09"]
[Round "2"]
[White "Liebisch, Dieter"]
[Black "Mysliwiec, Jörg"]
[Result "1-0"]
[WhiteElo "1963"]
[BlackElo "1998"]
[PlyCount "69"]
[EventDate "2011.??.??"]
[WhiteTeam "MTV 1876 Saalfeld"]
[BlackTeam "SSV Vimaria 91 Weimar"]

1. d4 Nf6 2. Bf4 b6 3. c4 e6 4. Nc3 Bb7 5. Rc1 Bb4 6. e3 O-O 7. Nf3 Ne4 8. Bd3
f5 9. h4 d6 10. Ng5 Bxc3+ 11. bxc3 Nxg5 12. hxg5 Qe8 13. c5 e5 14. dxe5 dxe5
15. Bc4+ Kh8 16. Bxe5 Nc6 17. Bxc7 bxc5 18. Qf3 Qg6 19. Qf4 Rfe8 20. Qh2 Re7
21. Rd1 f4 22. Bd6 fxe3 23. Bxe7 exf2+ 24. Kf1 Nxe7 25. Qf4 Be4 26. Kxf2 Qc6
27. Rhe1 Bc2 28. Rd2 Ng6 29. Qd6 Rf8+ 30. Kg1 Qa4 31. Qxc5 Bf5 32. Rf1 Qe8 33.
Re2 Qd7 34. Ref2 Nh4 35. Qxf8# 1-0

[Event "Landesklasse Ost 2011/2012"]
[Site "?"]
[Date "2011.10.09"]
[Round "2"]
[White "Scheitz, Michael"]
[Black "Petzold, Thomas"]
[Result "0-1"]
[WhiteElo "1890"]
[BlackElo "1886"]
[PlyCount "52"]
[EventDate "2011.??.??"]
[WhiteTeam "SSV Vimaria 91 Weimar"]
[BlackTeam "MTV 1876 Saalfeld"]

1. d4 d5 2. Nf3 Nf6 3. c4 e6 4. g3 c5 5. cxd5 exd5 6. Bg2 Nc6 7. O-O c4 8. Nc3
Be7 9. b3 O-O 10. bxc4 dxc4 11. d5 Bb4 12. dxc6 Bxc3 13. Rb1 bxc6 14. Qc2 Qa5
15. Bd2 Bxd2 16. Nxd2 c3 17. Bxc6 Bf5 18. e4 Rac8 19. Nc4 Qc5 20. exf5 Rxc6 21.
Ne3 Re8 22. Rfd1 h5 23. Rd3 Ne4 24. Nd5 h4 25. Kg2 h3+ 26. Kf1 Nd2+ 0-1

[Event "Landesklasse Ost 2011/2012"]
[Site "?"]
[Date "2011.10.09"]
[Round "2"]
[White "Krämer, Alexander"]
[Black "Weiß, Thomas"]
[Result "0-1"]
[WhiteElo "1881"]
[BlackElo "1920"]
[PlyCount "36"]
[EventDate "2011.??.??"]
[WhiteTeam "MTV 1876 Saalfeld"]
[BlackTeam "SSV Vimaria 91 Weimar"]

1. d4 e6 2. c4 d5 3. Nc3 c5 4. cxd5 exd5 5. Nf3 Nc6 6. e3 Nf6 7. Be2 a6 8. O-O
Bd6 9. b3 cxd4 10. Nxd4 Be5 11. Bb2 Qd6 12. Nf3 O-O 13. Nxe5 Nxe5 14. h3 Bf5
15. Nxd5 Nxd5 16. Qd4 Rfe8 17. Rfd1 Qg6 18. Qxd5 Be4 0-1

[Event "Landesklasse Ost 2011/2012"]
[Site "?"]
[Date "2011.10.09"]
[Round "2"]
[White "Vogel, Steffen"]
[Black "Böhl, Dietmar"]
[Result "1-0"]
[WhiteElo "1804"]
[BlackElo "1851"]
[PlyCount "71"]
[EventDate "2011.??.??"]
[WhiteTeam "SSV Vimaria 91 Weimar"]
[BlackTeam "MTV 1876 Saalfeld"]

1. d4 Nf6 2. Nf3 g6 3. c4 Bg7 4. Nc3 d5 5. Bf4 a6 6. e3 O-O 7. h3 dxc4 8. Bxc4
c5 9. O-O b5 10. Be2 cxd4 11. exd4 Nc6 12. d5 Nb4 13. d6 e6 14. Ne5 Nd7 15. Bf3
Rb8 16. Re1 Bb7 17. Bxb7 Rxb7 18. Rc1 Nxe5 19. Bxe5 Bh6 20. Qf3 Bxc1 21. Qxb7
Bxb2 22. Qe4 Bxc3 23. Bxc3 Nxa2 24. Be5 b4 25. Qb1 Qa5 26. Qa1 b3 27. Re3 Qd5
28. Bh8 f6 29. Bxf6 Qxd6 30. Rxb3 Rxf6 31. Qxa2 Qd1+ 32. Kh2 Rxf2 33. Rb8+ Rf8
34. Qxe6+ Kg7 35. Rb7+ Kh6 36. Qe3+ 1-0

[Event "Landesklasse Ost 2011/2012"]
[Site "?"]
[Date "2011.10.09"]
[Round "2"]
[White "Wagner, Ronald"]
[Black "Mitter, Frank"]
[Result "1-0"]
[WhiteElo "1761"]
[BlackElo "1759"]
[PlyCount "131"]
[EventDate "2011.??.??"]
[WhiteTeam "MTV 1876 Saalfeld"]
[BlackTeam "SSV Vimaria 91 Weimar"]

1. Nf3 d5 2. d4 Nf6 3. g3 e6 4. Bg2 Be7 5. c4 dxc4 6. Qa4+ Bd7 7. Qxc4 Bc6 8.
O-O Nbd7 9. Nc3 O-O 10. Rd1 Nb6 11. Qd3 h6 12. e4 Re8 13. Ne5 Bd7 14. Be3 c6
15. Rac1 Rc8 16. a3 a5 17. Ne2 Bd6 18. Qd2 Ra8 19. f4 Qc7 20. h3 Red8 21. Nc3
Bxe5 22. dxe5 Nc4 23. Qf2 Nxe3 24. Qxe3 Ne8 25. Nb5 Qb8 26. Nd6 Qc7 27. Rd3
Nxd6 28. exd6 Qb8 29. e5 Rc8 30. Rdc3 Ra6 31. Bf1 Ra8 32. Qb6 Qa7 33. Rb3 Kf8
34. Rc5 Ke8 35. Bd3 g6 36. Qxa7 Rxa7 37. Rb6 Rca8 38. Rc3 Bc8 39. Kf2 Kd7 40.
Ke3 Ke8 41. Kd4 Kd8 42. g4 Bd7 43. Rc2 Rc8 44. Kc5 Rca8 45. Bc4 Ke8 46. Rf2 Rd8
47. Bd3 Kf8 48. f5 exf5 49. gxf5 gxf5 50. Bxf5 Bxf5 51. Rxf5 Kg7 52. Rf6 Rd7
53. Rb3 Ra8 54. Rg3+ Kh7 55. Rgf3 Kg7 56. e6 fxe6 57. Rxe6 Rad8 58. Rff6 h5 59.
Rg6+ Kh7 60. Rh6+ Kg7 61. Rxh5 Rf8 62. Re7+ Rf7 63. Rhe5 Kf8 64. Rxd7 Rxd7 65.
Re7 b6+ 66. Kxc6 1-0

[Event "Landesklasse Ost 2011/2012"]
[Site "?"]
[Date "2011.10.09"]
[Round "2"]
[White "Latka, Robert"]
[Black "Müller, Robert"]
[Result "1-0"]
[WhiteElo "1578"]
[BlackElo "1726"]
[PlyCount "39"]
[EventDate "2011.??.??"]
[WhiteTeam "SSV Vimaria 91 Weimar"]
[BlackTeam "MTV 1876 Saalfeld"]

1. e4 c6 2. d4 d5 3. exd5 cxd5 4. Bd3 Nf6 5. Nf3 Nc6 6. c3 Bg4 7. Bf4 e6 8.
Nbd2 Bd6 9. Bxd6 Qxd6 10. O-O O-O 11. Re1 Qf4 12. Re3 Rac8 13. Nf1 a6 14. Ng3
Na5 15. h3 Bxf3 16. Rxf3 Qd6 17. Rxf6 gxf6 18. Qg4+ Kh8 19. Qh4 f5 20. Qf6+ 1-0

[Event "Landesklasse Ost 2011/2012"]
[Site "?"]
[Date "2011.10.09"]
[Round "2"]
[White "Bellmann, Daniel"]
[Black "Gebuhr, Günter"]
[Result "1-0"]
[WhiteElo "1680"]
[BlackElo "1742"]
[PlyCount "119"]
[EventDate "2011.??.??"]
[WhiteTeam "MTV 1876 Saalfeld"]
[BlackTeam "SSV Vimaria 91 Weimar"]

1. e4 c5 2. d4 cxd4 3. c3 dxc3 4. Nxc3 Nc6 5. Bc4 e6 6. Nf3 d6 7. O-O Nf6 8.
Qe2 a6 9. Rd1 Qc7 10. Bf4 e5 11. Bg5 Be7 12. Bxf6 gxf6 13. Nd5 Qd8 14. Nxe7
Kxe7 15. Bd5 Bg4 16. Bxc6 Bxf3 17. Qxf3 bxc6 18. Rd2 Qa5 19. Rad1 Rad8 20. h3
Rhg8 21. a3 Qb5 22. b4 Qc4 23. Rd3 Rd7 24. Rc3 Qb5 25. Rdc1 Rc7 26. Qh5 Rg6 27.
Qxh7 Rc8 28. Qh5 Rcg8 29. g3 Rg5 30. Qf3 Rc8 31. Qe3 Rc7 32. h4 Rg8 33. Kg2
Rgc8 34. h5 a5 35. Rc4 a4 36. h6 d5 37. exd5 Qxd5+ 38. Kg1 Rh8 39. Rh4 Ke6 40.
h7 f5 41. Qg5 Rcc8 42. Rh6+ Kd7 43. Qxf5+ Kc7 44. Rcxc6+ Qxc6 45. Qxe5+ Kb7 46.
Rxc6 Kxc6 47. Qf6+ Kb7 48. Qxf7+ Rc7 49. Qd5+ Kb8 50. Qb5+ Kc8 51. Qxa4 Rcxh7
52. Qc6+ Rc7 53. Qe6+ Kb7 54. a4 Rc1+ 55. Kg2 Rch1 56. b5 R1h2+ 57. Kf1 R2h6
58. Qd6 Rh1+ 59. Ke2 R1h7 60. a5 1-0

[Event "Landesklasse Ost 2011/2012"]
[Site "?"]
[Date "2011.10.09"]
[Round "2"]
[White "Gräf, Michael"]
[Black "Rudolf, Robby"]
[Result "1-0"]
[WhiteElo "1785"]
[BlackElo "1613"]
[PlyCount "65"]
[EventDate "2011.??.??"]
[WhiteTeam "SSV Vimaria 91 Weimar"]
[BlackTeam "MTV 1876 Saalfeld"]

1. d4 d5 2. Nf3 e6 3. e3 Nf6 4. Bd3 c5 5. c3 c4 6. Bc2 Bd6 7. Nbd2 Nbd7 8. O-O
O-O 9. e4 dxe4 10. Nxe4 Nxe4 11. Bxe4 Nf6 12. Bc2 b5 13. Bg5 Be7 14. Ne5 Bb7
15. Qe2 Nd5 16. Bd2 Bg5 17. Qh5 h6 18. f4 Be7 19. Rae1 Nf6 20. Qh3 Rc8 21. Re3
Nh7 22. Rg3 Kh8 23. Qg4 Bf6 24. Ng6+ fxg6 25. Qxg6 Kg8 26. Qxh7+ Kf7 27. f5 e5
28. Bxh6 Rg8 29. dxe5 Bxe5 30. Qg6+ Kf8 31. f6 Qb6+ 32. Kh1 Bxg3 33. Bxg7+ 1-0

[Event "Landesklasse Ost 2011/2012"]
[Site "?"]
[Date "2011.10.09"]
[Round "2"]
[White "Fuchs, Antje"]
[Black "Zeuner, Ulrich"]
[Result "0-1"]
[WhiteElo "2092"]
[BlackElo "1949"]
[PlyCount "84"]
[EventDate "2011.??.??"]
[WhiteTeam "TSV Zeulenroda"]
[BlackTeam "SV Medizin Erfurt"]

1. e4 e5 2. Nf3 Nc6 3. Bb5 a6 4. Ba4 Nf6 5. O-O Be7 6. c3 b5 7. Bc2 O-O 8. d4
d6 9. h3 Re8 10. Be3 Bf8 11. Nbd2 Bb7 12. d5 Ne7 13. Nh4 c6 14. Bg5 Ng6 15. c4
Nxh4 16. Bxh4 Be7 17. cxb5 cxb5 18. Bg3 g6 19. a4 Nh5 20. Ra3 Rc8 21. axb5 axb5
22. Rf3 Nxg3 23. Rxg3 Qb6 24. Bd3 Ba6 25. Qe2 Rb8 26. Nf3 Bc8 27. Rc1 Bd7 28.
h4 Rec8 29. Rxc8+ Rxc8 30. h5 Qa5 31. hxg6 hxg6 32. Qd1 Qa2 33. Bf1 Qxb2 34.
Nd2 Rc2 35. Nf3 b4 36. Nh2 Bh4 37. Ng4 Bxg3 38. Nf6+ Kg7 39. Nxd7 Bxf2+ 40. Kh2
Qc1 41. Qf3 Qh6+ 42. Qh3 Qxh3+ 0-1

[Event "Landesklasse Ost 2011/2012"]
[Site "?"]
[Date "2011.10.09"]
[Round "2"]
[White "Sunderbrink, Heino"]
[Black "Skibbe, Diana"]
[Result "1-0"]
[WhiteElo "1926"]
[BlackElo "1961"]
[PlyCount "95"]
[EventDate "2011.??.??"]
[WhiteTeam "SV Medizin Erfurt"]
[BlackTeam "TSV Zeulenroda"]

1. Nf3 f5 2. e4 fxe4 3. Ng5 Nf6 4. d3 e5 5. dxe4 d5 6. exd5 Qxd5 7. Qxd5 Nxd5
8. Bc4 c6 9. Nc3 Bb4 10. Bd2 O-O 11. Nxd5 Bxd2+ 12. Kxd2 Rd8 13. Rad1 h6 14.
Kc1 cxd5 15. Bxd5+ Kf8 16. Nf3 Nd7 17. Be4 Ke7 18. Bf5 Kf6 19. g4 e4 20. Bxe4
Re8 21. Bf5 Nc5 22. Rd6+ Kf7 23. Bg6+ Ke7 24. Rd5 Rf8 25. Re1+ Kf6 26. Bf5 b6
27. Rd6+ Kf7 28. Nh4 Bxf5 29. Nxf5 Rfe8 30. Red1 Re4 31. f3 Rf4 32. Nd4 Re8 33.
c3 Re3 34. Kc2 h5 35. h3 g6 36. b4 Ne6 37. Nxe6 Rxe6 38. Rxe6 Kxe6 39. Rd3 Kf6
40. Kd2 Kg5 41. Ke3 Rf7 42. f4+ Kh4 43. gxh5 Kxh5 44. c4 Re7+ 45. Kf3 Re1 46.
Rc3 Rh1 47. Ke4 Rd1 48. c5 1-0

[Event "Landesklasse Ost 2011/2012"]
[Site "?"]
[Date "2011.10.09"]
[Round "2"]
[White "Ahnert, Toni"]
[Black "Rost, Detlef"]
[Result "1-0"]
[WhiteElo "1926"]
[BlackElo "1860"]
[PlyCount "69"]
[EventDate "2011.??.??"]
[WhiteTeam "TSV Zeulenroda"]
[BlackTeam "SV Medizin Erfurt"]

1. e4 c5 2. Nf3 Nc6 3. d4 cxd4 4. Nxd4 Nf6 5. Nc3 e5 6. Ndb5 d6 7. Bg5 a6 8.
Na3 b5 9. Nd5 Be7 10. Bxf6 Bxf6 11. Bd3 Be6 12. O-O Bxd5 13. exd5 Ne7 14. c3 g6
15. Nc2 Bg5 16. a4 O-O 17. axb5 axb5 18. Nb4 Qb6 19. Qe2 Qc5 20. Rxa8 Rxa8 21.
g3 Ra5 22. Qg4 Bf6 23. Rd1 Ra7 24. Qe2 Nxd5 25. Nxd5 Qxd5 26. Bxg6 Qe6 27. Be4
Ra4 28. Bd5 Qd7 29. Qf3 Qe7 30. Qf5 e4 31. b3 Ra2 32. Bxe4 Bxc3 33. Qc8+ Kg7
34. Qxc3+ f6 35. Qf3 1-0

[Event "Landesklasse Ost 2011/2012"]
[Site "?"]
[Date "2011.10.09"]
[Round "2"]
[White "Fischer, Kay"]
[Black "Barth, Christian"]
[Result "1/2-1/2"]
[WhiteElo "1886"]
[BlackElo "1788"]
[PlyCount "90"]
[EventDate "2011.??.??"]
[WhiteTeam "SV Medizin Erfurt"]
[BlackTeam "TSV Zeulenroda"]

1. e4 e5 2. Nf3 Nc6 3. Nc3 Bc5 4. Nxe5 Bxf2+ 5. Kxf2 Nxe5 6. d4 Qf6+ 7. Kg1 Ne7
8. h3 N5g6 9. Be2 Nf4 10. Bf3 Nfg6 11. Be3 c6 12. Qd2 O-O 13. Rf1 Qe6 14. b3 f5
15. e5 d6 16. exd6 Qxd6 17. Ne2 f4 18. Bf2 Be6 19. c4 Rad8 20. Nc3 Nf5 21. Rd1
Ngh4 22. Bxh4 Nxh4 23. Qf2 Nf5 24. Kh2 Ne3 25. Rd2 Rf6 26. Ne4 Qe7 27. Nxf6+
Qxf6 28. Re1 g5 29. Rxe3 fxe3 30. Qxe3 Bf7 31. Kg1 Re8 32. Qf2 Qf5 33. Bg4 Qe4
34. Bf5 Qe7 35. Bd3 Qa3 36. Bxh7+ Kg7 37. Bd3 Qc1+ 38. Kh2 Re7 39. Re2 Rxe2 40.
Qxe2 Qf4+ 41. g3 Qxd4 42. Qe4 Qf2+ 43. Qg2 Qe3 44. Qe2 Qd4 45. Kg2 Qc3 1/2-1/2

[Event "Landesklasse Ost 2011/2012"]
[Site "?"]
[Date "2011.10.09"]
[Round "2"]
[White "Wolfram, Thomas"]
[Black "Stockum, René"]
[Result "1-0"]
[WhiteElo "1788"]
[BlackElo "1763"]
[PlyCount "39"]
[EventDate "2011.??.??"]
[WhiteTeam "TSV Zeulenroda"]
[BlackTeam "SV Medizin Erfurt"]

1. d4 Nf6 2. e3 e6 3. Bd3 c5 4. Nd2 Nc6 5. c3 d5 6. f4 Bd6 7. Nh3 Qc7 8. O-O
cxd4 9. exd4 O-O 10. Qe2 Qb6 11. Nf3 Re8 12. Ne5 Qc7 13. Ng5 Nd8 14. Ng4 Nxg4
15. Bxh7+ Kf8 16. Qxg4 g6 17. Nxf7 Qxf7 18. Bxg6 Qg7 19. Qh5 Re7 20. f5 1-0

[Event "Landesklasse Ost 2011/2012"]
[Site "?"]
[Date "2011.10.09"]
[Round "2"]
[White "Stumm, Rainer"]
[Black "Werner, Daniel"]
[Result "1-0"]
[WhiteElo "1587"]
[BlackElo "1695"]
[PlyCount "97"]
[EventDate "2011.??.??"]
[WhiteTeam "SV Medizin Erfurt"]
[BlackTeam "TSV Zeulenroda"]

1. c4 e5 2. Nc3 Nf6 3. g3 Bc5 4. Bg2 Nc6 5. Nf3 O-O 6. O-O a6 7. a3 d6 8. d3 h6
9. e3 Bg4 10. h3 Bh5 11. g4 Bg6 12. e4 Qd7 13. Nd5 Nxd5 14. cxd5 Nd4 15. Nh4
Qb5 16. b4 Ba7 17. g5 h5 18. Bf3 Qd7 19. Kg2 Nxf3 20. Qxf3 c5 21. Bd2 Rac8 22.
Rfc1 b5 23. Ra2 Rc7 24. bxc5 Rxc5 25. Rac2 Rfc8 26. Rxc5 Rxc5 27. Qd1 Qc7 28.
f4 Rxc1 29. Qxc1 Qxc1 30. Bxc1 exf4 31. Kf3 Kh7 32. Kxf4 f6 33. Nf3 Kg8 34. Bb2
Kf7 35. h4 Ke7 36. Nd4 Bxd4 37. Bxd4 Be8 38. Kf5 g6+ 39. Kf4 fxg5+ 40. Kxg5 a5
41. Bc3 a4 42. Bb4 Kd7 43. Kf6 g5 44. Kxg5 Kc7 45. Kf6 Bd7 46. Ke7 Bg4 47.
Bxd6+ Kc8 48. Bb4 Be2 49. d6 1-0

[Event "Landesklasse Ost 2011/2012"]
[Site "?"]
[Date "2011.10.09"]
[Round "2"]
[White "Riemer, Marion"]
[Black "Schmidt, Uwe"]
[Result "1/2-1/2"]
[WhiteElo "1733"]
[BlackElo "1980"]
[PlyCount "83"]
[EventDate "2011.??.??"]
[WhiteTeam "TSV Zeulenroda"]
[BlackTeam "SV Medizin Erfurt"]

1. e4 e6 2. d4 d5 3. exd5 exd5 4. Bd3 Bd6 5. c3 Ne7 6. Nf3 c6 7. O-O Bg4 8. Be3
Nd7 9. Nbd2 f5 10. Bg5 O-O 11. Qc2 h6 12. Bxe7 Qxe7 13. Rae1 Qf6 14. h3 Bh5 15.
Re2 Rae8 16. Rfe1 Re4 17. Qb3 Rxe2 18. Rxe2 b5 19. Re1 g5 20. g3 g4 21. Nh4 f4
22. Nf5 fxg3 23. fxg3 gxh3 24. Qc2 Qg5 25. Nf1 Rxf5 26. Bxf5 Bxg3 27. Nxg3
Qxg3+ 28. Kf1 h2 29. Qg2 h1=Q+ 30. Qxh1 Qf4+ 31. Kg1 Qxf5 32. Qh2 Qg4+ 33. Kf1
Qf3+ 34. Kg1 Qg4+ 35. Kf1 Bg6 36. Re3 Qd1+ 37. Kf2 Qc2+ 38. Re2 Qf5+ 39. Ke1
Qb1+ 40. Kf2 Qf5+ 41. Ke1 Qb1+ 42. Kf2 1/2-1/2